| 000 | 00686nam a22001697a 4500 | ||
|---|---|---|---|
| 003 | MACL | ||
| 005 | 20160719152932.0 | ||
| 008 | 160719b xxu||||| |||| 00| 0 eng d | ||
| 040 | _cMACL | ||
| 041 | _aHindi | ||
| 082 | _a400 | ||
| 100 |
_aपाण्डेय, पृथ्वीनाथ _964755 |
||
| 245 |
_aशुद्ध हिन्दी _bकैसे बोलें, कैसे लिखें _cपृथ्वीनाथ्ज्ञ पाण्डेय |
||
| 260 |
_aनई दिल्ली _bभारतीय पुस्तक परिषद़ _c2016 |
||
| 650 |
_aभाषा विज्ञान _950429 |
||
| 942 |
_2ddc _cHIN |
||
| 999 |
_c54485 _d54485 |
||